000 00344pab a2200145 454500
008 180718b2001 xxu||||| |||| 00| 0 eng d
100 _aJain, Mukesh
245 _aNew service delivery model of policing
260 _c2001
300 _ap.85-94.
362 _aOct-Dec
650 _aPolice
773 _aIndian Police Journal
909 _a54156
999 _c54156
_d54156